000 00720nam a2200217 a 4500
001 000040510
005 20240530073922.0
008 130828s2012 dr 000 f spa d
020 _a9789945068641
040 _aDO-SdBNP
_bspa
_cBNPHU
082 _aRD863.44
_bV443v, 2012
100 1 _aVeloz Maggiolo, Marcio,
_d1936-2021
_91104
245 1 3 _aLa vida no tiene nombre /
_cMarcio Veloz Maggiolo.
260 _aSanto Domingo :
_bSantuario,
_c2012.
300 _a56 p. ;
_c24 cm.
500 _aIncluye datos biográficos del autor en la solapa de la cubierta
590 _aInventariado, 2020/VM
650 0 _aNovela dominicana
_9223
650 0 _aLiteratura dominicana.
_967
910 _aValidado. Control de calidad MFF
999 _c40000
_d40000